[Event "Foment Martinenc op-B 23rd"]
[Site "Barcelona"]
[Date "2023.06.10"]
[Round "8"]
[White "Medina Diez, Adria"]
[Black "Rigol Martinez, Axel"]
[Result "0-1"]
[WhiteElo "1764"]
[BlackElo "1649"]
[PlyCount "60"]
[EventDate "2023.04.22"]
[EventType "swiss"]
[EventRounds "9"]
[EventCountry "ESP"]
[SourceTitle "EXT 2024"]
[Source "ChessBase"]
[SourceDate "2023.10.10"]
[SourceVersion "1"]
[SourceVersionDate "2023.10.10"]
[SourceQuality "1"]

1. e4 c5 2. Nc3 a6 3. Nf3 Nc6 4. d4 cxd4 5. Nxd4 e5 6. Nf5 d6 7. Ne3 Nf6 8. Be2 b5 9. 0-0 Bb7 10. a3 Nd4 11. Bf3 Rc8 12. Re1 Be7 13. g3 0-0 14. Bg2 Qd7 15. Qd3 Rfe8 16. Bd2 Ne6 17. b4 Qc7 18. Ne2 Nd7 19. Rac1 Nb6 20. Nc3 Nd4 21. Ncd5 Bxd5 22. Nxd5 Nxd5 23. exd5 f5 24. Be3 Qc4 25. Qxc4 Rxc4 26. c3 Nb3 27. Bf1 Rc7 28. Bb6 Rb7 29. Rb1 Nd2 30. Rb2 Nf3+ 0-1

[Event "Foment Martinenc op-B 23rd"]
[Site "Barcelona"]
[Date "2023.05.20"]
[Round "5"]
[White "Medina Diez, Adria"]
[Black "Gonzalez Lopez, Marcelo"]
[Result "1/2-1/2"]
[WhiteElo "1764"]
[BlackElo "1797"]
[PlyCount "104"]
[EventDate "2023.04.22"]
[EventType "swiss"]
[EventRounds "9"]
[EventCountry "ESP"]
[SourceTitle "EXT 2024"]
[Source "ChessBase"]
[SourceDate "2023.10.10"]
[SourceVersion "1"]
[SourceVersionDate "2023.10.10"]
[SourceQuality "1"]

1. c4 e5 2. Nc3 Nf6 3. g3 c6 4. d4 exd4 5. Qxd4 Bb4 6. a3 Bxc3+ 7. Qxc3 d5 8. Nf3 0-0 9. Bg5 Ne4 10. Bxd8 Nxc3 11. Ba5 Ne4 12. cxd5 cxd5 13. Rd1 Nc6 14. Bc3 Be6 15. Bd4 Rac8 16. Bg2 g5 17. h3 h5 18. Be3 f6 19. 0-0 a6 20. h4 g4 21. Nd4 Nxd4 22. Bxd4 Rc2 23. Rfe1 Kf7 24. Rc1 Rfc8 25. Bc3 Rxc1 26. Rxc1 Nxc3 27. Rxc3 Rxc3 28. bxc3 Ke7 29. Kf1 Kd6 30. Ke1 Kc5 31. Kd2 Kc4 32. Kc2 Bf5+ 33. Kb2 Be4 34. f3 gxf3 35. exf3 Bf5 36. Bf1+ Kc5 37. Be2 d4 38. Bd1 Bg6 39. cxd4+ Kxd4 40. g4 f5 41. Kb3 f4 42. Kb4 b6 43. Be2 Ke3 44. Bxa6 Kxf3 45. gxh5 Bxh5 46. Kb5 Ke3 47. Bb7 f3 48. Bxf3 Kxf3 49. Kxb6 Kg3 50. a4 Kxh4 51. a5 Be2 52. a6 Bxa6 1/2-1/2